Eine Minnereise mit dem Frühneuhochdeutschen Wörterbuch

Saved in:
Bibliographic Details
Main Author: Reichmann, Oskar (Author)
Format: Article (Journal)
Language:German
Published: 2014
In: Sprachreport
Year: 2014, Volume: 30, Issue: 1, Pages: 12-21
ISSN:0178-644X
Online Access: Get full text
Author Notes:Oskar Reichmann

MARC

LEADER 00000caa a2200000 c 4500
001 147635474X
003 DE-627
005 20220811082754.0
007 tu
008 140520s2014 xx ||||| 00| ||ger c
035 |a (DE-627)147635474X 
035 |a (DE-576)40635474X 
035 |a (DE-599)BSZ40635474X 
035 |a (OCoLC)1340637306 
040 |a DE-627  |b ger  |c DE-627  |e rda 
041 |a ger 
084 |a 53  |2 sdnb 
100 1 |a Reichmann, Oskar  |d 1937-  |e VerfasserIn  |0 (DE-588)144018314  |0 (DE-627)656814675  |0 (DE-576)16268634X  |4 aut 
245 1 5 |a Eine Minnereise mit dem Frühneuhochdeutschen Wörterbuch  |c Oskar Reichmann 
264 1 |c 2014 
300 |a 10 
336 |a Text  |b txt  |2 rdacontent 
337 |a ohne Hilfsmittel zu benutzen  |b n  |2 rdamedia 
338 |a Band  |b nc  |2 rdacarrier 
773 0 8 |i Enthalten in  |t Sprachreport  |d Mannheim : Leibniz-Institut für Deutsche Sprache, 1985  |g 30(2014), 1, Seite 12-21  |w (DE-627)130459143  |w (DE-600)722598-2  |w (DE-576)016032276  |x 0178-644X  |7 nnas  |a Eine Minnereise mit dem Frühneuhochdeutschen Wörterbuch 
773 1 8 |g volume:30  |g year:2014  |g number:1  |g pages:12-21  |g extent:10  |a Eine Minnereise mit dem Frühneuhochdeutschen Wörterbuch 
776 0 8 |i Erscheint auch als  |n Online-Ausgabe  |a Reichmann, Oskar, 1937 -   |t Eine Minnereise mit dem Frühneuhochdeutschen Wörterbuch  |d 2014  |w (DE-627)1545839042  |w (DE-576)475839048 
951 |a AR 
992 |a 20150415 
993 |a Article 
998 |g 144018314  |a Reichmann, Oskar  |m 144018314:Reichmann, Oskar  |d 90000  |d 90100  |e 90000PR144018314  |e 90100PR144018314  |k 0/90000/  |k 1/90000/90100/  |p 1  |x j  |y j 
999 |a KXP-PPN147635474X  |e 2838856162 
BIB |a Y 
SER |a journal 
JSO |a {"title":[{"title":"Eine Minnereise mit dem Frühneuhochdeutschen Wörterbuch","title_sort":"Minnereise mit dem Frühneuhochdeutschen Wörterbuch"}],"relHost":[{"language":["ger"],"type":{"bibl":"periodical"},"titleAlt":[{"title":"Forschungen u. Meinungen zur dt. Sprache"}],"title":[{"title_sort":"Sprachreport","subtitle":"Informationen und Meinungen zur deutschen Sprache","title":"Sprachreport"}],"note":["Herausgebendes Organ bis 35. Jahrgang, Heft 1 (2019): Institut für Deutsche Sprache, Mannheim"],"id":{"issn":["0178-644X"],"zdb":["722598-2"],"eki":["130459143"]},"name":{"displayForm":["herausgegeben vom Leibniz-Institut für Deutsche Sprache, Mannheim"]},"pubHistory":["0.1985; 1986 - 1998,2; 14.1998,3 -"],"disp":"Eine Minnereise mit dem Frühneuhochdeutschen WörterbuchSprachreport","corporate":[{"display":"Institut für Deutsche Sprache","role":"isb"},{"role":"isb","display":"Leibniz-Institut für Deutsche Sprache (IDS)"}],"part":{"pages":"12-21","text":"30(2014), 1, Seite 12-21","volume":"30","year":"2014","extent":"10","issue":"1"},"recId":"130459143","origin":[{"dateIssuedDisp":"1985-","dateIssuedKey":"1985","publisherPlace":"Mannheim ; Mannheim","publisher":"Leibniz-Institut für Deutsche Sprache ; IDS"}]}],"id":{"eki":["147635474X"]},"name":{"displayForm":["Oskar Reichmann"]},"language":["ger"],"type":{"bibl":"article-journal"},"recId":"147635474X","origin":[{"dateIssuedKey":"2014","dateIssuedDisp":"2014"}],"person":[{"role":"aut","given":"Oskar","display":"Reichmann, Oskar","family":"Reichmann"}],"physDesc":[{"extent":"10 S."}]} 
SRT |a REICHMANNOMINNEREISE2014